LEADER 01677nam a2200301 i 4500 001 991001629219707536 008 120307s2011 it 000 0 ita d 020 $a9788866110941 035 $ab14044602-39ule_inst 040 $aSet. Economia - SAGA$bita 082 0 $a658.4012 100 1 $aTurco, Mario$0476670 245 13$aLa multidimensionalità valoriale dei risultati aziendali e le prospettive degli strumenti di analisi /$cMario Turco 260 $aBari :$bCacucci,$c20122 300 $a199 p. ;$c24 cm 440 0$aCollana di economia aziendale.$pSerie scientifica ;$v28 650 4$aAziende$xValutazione 650 4$aAziende$xStrategia 907 $a.b14044602$b02-04-14$c07-03-12 912 $a991001629219707536 945 $aLE025 ECO 658.4 TUR02.01$g1$i2025000247215$lle025$nFattura del Dipartimento$o-$pE20.00$q-$rn$so $t0$u0$v0$w0$x0$y.i15388505$z07-03-12 945 $aLE025 ECO 658.4 TUR02.01$g2$i2025000247222$lle025$nFattura del Dipartimento$o-$pE20.00$q-$rn$so $t0$u0$v0$w0$x0$y.i15388566$z07-03-12 945 $aLE025 ECO 658.4 TUR02.01$g3$i2025000247239$lle025$nFattura del Dipartimento$o-$pE20.00$q-$rl$s- $t0$u2$v7$w2$x0$y.i15388578$z07-03-12 945 $aLE025 ECO 658.4 TUR02.01$g4$i2025000247246$lle025$nFattura del Dipartimento$o-$pE20.00$q-$rl$s- $t0$u2$v2$w2$x0$y.i1538858x$z07-03-12 945 $aLE025 ECO 658.4 TUR02.01$g5$i2025000247253$lle025$nFattura del Dipartimento$o-$pE20.00$q-$rl$s- $t0$u3$v4$w3$x0$y.i15388608$z07-03-12 996 $aMultidimensionalità valoriale dei risultati aziendali e le prospettive degli strumenti di analisi$9244986 997 $aUNISALENTO 998 $ale025$b07-03-12$cm$da $e-$fita$git $h3$i0 LEADER 01312nas 2200397- 450 001 9910892508703321 005 20201010062911.5 011 $a2693-003X 035 $a(DE-599)ZDB3173773-0 035 $a(OCoLC)1165374280 035 $a(CKB)5600000000782179 035 $a(CONSER)--2020202196 035 $a(EXLCZ)995600000000782179 100 $a20200715a20209999 --- a 101 0 $aeng 135 $aur||||||||||| 181 $ctxt$2rdacontent 182 $cc$2rdamedia 183 $acr$2rdacarrier 200 04$aThe Mirror 210 1$aTucson, Ariz. :$cNational Optical-Infrared Astronomy Research Laboratory, National Science Foundation,$d2020- 330 $a"The newsletter for NSF?s National Optical-Infrared Astronomy Research Laboratory (NOIRLab for short)." 517 1 $aNOIRLab mirror 517 1 $aNSF's NOIRLab mirror 531 0 $aMirror 606 $aAstronomy$xResearch$vPeriodicals 606 $aAstronomy$xResearch$2fast$3(OCoLC)fst00819727 608 $aPeriodicals$2fast 615 0$aAstronomy$xResearch 615 7$aAstronomy$xResearch 676 $a520 712 02$aNational Science Foundation (U.S.).$bNational Optical-Infrared Astronomy Research Laboratory. 906 $aJOURNAL 912 $a9910892508703321 996 $aMirror$91320634 997 $aUNINA